| 000 | 01117nam a22003137i 4500 | ||
|---|---|---|---|
| 003 | EG-GICUC | ||
| 005 | 20260209151145.0 | ||
| 008 | 260209s2004 ua |||fr|||| 00| 0 ara d | ||
| 017 | _a2004/20065 | ||
| 040 |
_a EG-GICUC _bara _c EG-GICUC _d EG-GICUC _erda |
||
| 041 | 0 | _aara | |
| 082 | 0 | 4 |
_221 _a341.65 _bو ا . ح |
| 092 | 0 | 4 | _221 |
| 099 | _aLaw1 11 341.65 2004 و ا . ح | ||
| 100 | 0 |
_aوائل أحمد علام _eمؤلف. |
|
| 245 | 1 | 2 |
_aالحماية الدولية لضحايا الجريمة/ _cتأليف وائل أحمد علام. |
| 264 | 1 |
_aالقاهرة : _bدار النهضة العربية، _c2004. |
|
| 300 |
_a124 صفحة؛ _c24 سم |
||
| 336 |
_2rda content _atext |
||
| 337 |
_2rda media _aComputer |
||
| 338 |
_2rda carrier _aOnline Resource |
||
| 504 | _aيشتمل على إرجاعات ببيلوجرافية . | ||
| 546 | _aالنص باللغة العربية | ||
| 650 | 1 | 4 |
_a الأسرى -- حماية -- قانون دولي _2qrmak |
| 651 | 1 | _2qrmak | |
| 856 | 4 | 0 | _uhttps://fll.law.cu.edu.eg/fulltext/bks/B11-07038.pdf |
| 905 | _a56 | ||
| 942 |
_2ddc _cBK _e21 _n0 |
||
| 999 |
_c61889 _d61889 |
||